[Event "Pyrgos Spilios Dimitris op 1st"]
[Site "Pyrgos"]
[Date "2006.08.18"]
[Round "1"]
[White "Liapopoulos, Christos"]
[Black "Siempos, Konstantinos"]
[Result "0-1"]
[WhiteElo "1010"]
[BlackElo "1810"]
[PlyCount "40"]
[EventDate "2006.08.18"]
[EventType "swiss"]
[EventRounds "6"]
[EventCountry "GRE"]
[SourceTitle "EXT 2024"]
[Source "ChessBase"]
[SourceDate "2023.10.10"]
[SourceVersion "1"]
[SourceVersionDate "2023.10.10"]
[SourceQuality "1"]

1. e4 b6 2. Nf3 Bb7 3. Nc3 e6 4. Bc4 Bb4 5. Ne2 Bxe4 6. a3 Be7 7. 0-0 d5 8. Bb5+ c6 9. d3 Bxf3 10. gxf3 cxb5 11. Nd4 a6 12. Bf4 Bd6 13. Bxd6 Qxd6 14. f4 Qxf4 15. Ne2 Qh6 16. Ng3 Nf6 17. b3 Nbd7 18. c4 e5 19. d4 Ng4 20. f3 Qxh2# 0-1